|
|
|
|
| LEADER |
00000nam a2200000 a 4500 |
| 001 |
vtls001373543 |
| 003 |
SK-MaSNL |
| 005 |
20260302071338.0 |
| 008 |
240318s1946 xo 0 und |
| 035 |
|
|
|a SNK000327411
|
| 040 |
|
|
|a SNK
|b slo
|c SNK
|e AACR2
|
| 044 |
|
|
|a xo
|c SK
|
| 100 |
1 |
|
|a Kleist, Heinrich von,
|d 1777-1811
|4 aut
|9 106580
|
| 245 |
1 |
0 |
|a Michael Kohlhaas a jiné novely
|
| 260 |
|
|
|a Martin
|b Matica slovenská
|c 1946
|
| 300 |
|
|
|a 163 s.
|
| 999 |
|
|
|c 1151656
|d 1153586
|
| 952 |
|
|
|t P60, <04>, [BOOK], {604}
|a SNK
|b SNK
|y VYP
|7 0
|p 17A0211999
|o snkSD 3565/40/D2
|0 0
|1 0
|4 0
|d 1999-09-29
|l 0
|r 2005-01-02 00:00:00
|w 2026-02-24
|
| 952 |
|
|
|a SNK
|b SNK
|y PREZ
|7 0
|p 17A0425699
|o snkSD 3565/40 D1
|i snkD 2070/61
|8 1
|0 0
|1 0
|4 0
|d 2004-04-23
|l 0
|r 2005-01-02 00:00:00
|w 2026-02-24
|